Cartas a Don Juan (Record no. 7664)
[ view plain ]
| 000 -LEADER | |
|---|---|
| campo de control de longitud fija | 00325nam a2200133Ia 4500 |
| 001 - NÚMERO DE CONTROL | |
| campo de control | 1247 |
| 008 - DATOS DE LONGITUD FIJA--INFORMACIÓN GENERAL | |
| campo de control de longitud fija | 241024s9999 xx 000 0 und d |
| 082 ## - NÚMERO DE LA CLASIFICACIÓN DECIMAL DEWEY | |
| Número de clasificación | RD/923.1/A485c |
| 100 ## - ENTRADA PRINCIPAL--NOMBRE DE PERSONA | |
| Nombre de persona | Carlos Amarante Baret |
| 245 #0 - MENCIÓN DEL TÍTULO | |
| Título | Cartas a Don Juan |
| 260 ## - PUBLICACIÓN, DISTRIBUCIÓN, ETC. | |
| Nombre del editor, distribuidor, etc. | Editora Centenario |
| Fecha de publicación, distribución, etc. | 2010 |
| 901 ## - ELEMENTOS DE DATOS A LOCAL LDA (RLIN) | |
| a | 3/3/2011 1:09:01 p.m. |
No items available.